FEAR LESS REAL TRUTH ABOUT RISK,SAFETY,,AND SECURITY IN A TIME OF TERRORISM / (Record no. 616989)

000 -LEADER
fixed length control field 00407nam a22001337a 4500
020 ## - INTERNATIONAL STANDARD BOOK NUMBER
International Standard Book Number HB.
040 ## - CATALOGING SOURCE
Transcribing agency FIZZA ISHAQ
082 ## - DEWEY DECIMAL CLASSIFICATION NUMBER
Classification number 613.69
Author Mark GAV
100 ## - MAIN ENTRY--PERSONAL NAME
Personal name BECKER,DE GAVIN.
9 (RLIN) 134060
245 ## - TITLE STATEMENT
Title FEAR LESS REAL TRUTH ABOUT RISK,SAFETY,,AND SECURITY IN A TIME OF TERRORISM /
Statement of responsibility, etc. GAVIN DE BECKER.
260 ## - PUBLICATION, DISTRIBUTION, ETC.
Place of publication, distribution, etc. NEW YORK ;
Name of publisher, distributor, etc. LITTLE BROWN AND COMPANY,
Date of publication, distribution, etc. 2002.
300 ## - PHYSICAL DESCRIPTION
Extent 229 P. ;
Dimensions 8.9X5.9IN
942 ## - ADDED ENTRY ELEMENTS (KOHA)
Source of classification or shelving scheme
Koha item type Book
Holdings
Withdrawn status Lost status Source of classification or shelving scheme Damaged status Not for loan Permanent Location Current Location Shelving location Date acquired Total Checkouts Full call number Barcode Date last seen Price effective from Koha item type
          NUST Baluchistan Campus (NBC) NUST Baluchistan Campus (NBC) General Stacks 04/13/2026   613.69 GAV QD-429 04/13/2026 04/13/2026 Book
© 2023 Central Library, National University of Sciences and Technology. All Rights Reserved.